Tric trac 1 talleres de matemáticas: carpeta didáctica talleres Duende de matemáticas. Propuesta Bruño para el primer ciclo de educación primaria

Saved in:
Bibliographic Details
Main Authors: Martínez Soto, Angel Pascual (autor), Ródenas Martínez, José A (Author), Zayas Ciruelos, José A (Author)
Other Authors: Miñano Sánchez, Antonio (autor)
Format: Book
Language:Spanish
Published: Madrid Bruño 1992
Subjects:
Tags: Add Tag
No Tags, Be the first to tag this record!

MARC

LEADER 00000nam a2200000 a 4500
001 UCP5248
003 CL-VaPUC
008 990903e19920000SP |||||||||||||||||spa|d
082 0 4 |a 372.7  |b MAR  |2 21 
100 |a Martínez Soto, Angel Pascual  |e autor  |9 433505 
700 |a Miñano Sánchez, Antonio  |e autor  |9 433506 
700 0 |a Ródenas Martínez, José A  |e author  |9 433507 
700 0 |a Zayas Ciruelos, José A  |e author  |9 433508 
245 1 0 |a Tric trac 1 talleres de matemáticas: carpeta didáctica talleres Duende de matemáticas. Propuesta Bruño para el primer ciclo de educación primaria 
300 |a 159 p 
942 |c BK 
945 |d 19990903 00:00:00  |a cmena 
260 |a Madrid  |b Bruño  |c 1992 
650 0 |a Educación básica   |9 224933 
650 0 |a Matemáticas  |x Enseñanza  |9 875527 
650 0 |a Números   |9 265328 
650 0 |a Geometría   |9 264063 
583 |a last modification  |c 19990903 00:00:00  |k Rodrigo Vera 
999 |c 283021  |d 283019 
952 |0 0  |1 0  |4 0  |6 372_700000000000000_MAR_1992  |7 0  |8 P  |9 325761  |a BIBEDU  |b BIBEDU  |c BIBEDU_PB  |d 2019-11-20  |i 3540553  |o 372.7 MAR 1992  |p 3540553  |r 2024-01-25  |w 2019-11-20  |y BK  |k BME